Catálogo
 En Linea

the unites states and latin america, 1933-1968 :. (Registro nro. 36834)

Detalles MARC
000 -CABECERA
campo de control de longitud fija 00259nam a2200097 a 4500
005 - FECHA Y HORA DE LA ÚLTIMA TRANSACCIÓN
campo de control 20200930080314.0
008 - DATOS DE LONGITUD FIJA--INFORMACIÓN GENERAL
campo de control de longitud fija 120328s1969 000 spa d
040 ## - FUENTE DE LA CATALOGACIÓN
Centro catalogador/agencia de origen DO-SdBNP
245 #0 - MENCIÓN DE TÍTULO
Título the unites states and latin america, 1933-1968 :.
260 ## - PUBLICACIÓN, DISTRIBUCIÓN, ETC.
Lugar de publicación, distribución, etc. London,
Fecha de publicación, distribución, etc. 1969.

No hay ítems disponibles.

Con tecnología Koha